|
|
|
|
| LEADER |
00000cam a2200000 a 4500 |
| 001 |
vtls001179618 |
| 003 |
SK-MaSNL |
| 005 |
20260301154244.0 |
| 008 |
240314s1987 xr e 00000 cze |
| 015 |
|
|
|a SNBA1987
|
| 035 |
|
|
|a SNK000122620
|
| 040 |
|
|
|a SNK
|b slo
|c SNK
|e AACR2
|
| 041 |
0 |
|
|a cze
|
| 044 |
|
|
|a xr
|c CZ
|
| 080 |
|
|
|a 621.313:628.517(075.8)
|2 1981
|
| 080 |
|
|
|a 628.517(075.8)
|2 1981
|
| 100 |
1 |
|
|a Hamata, Václav,
|d 1923-
|4 aut
|9 116075
|
| 245 |
1 |
0 |
|a Hluk elektrických strojů
|c Václav Hamata
|
| 250 |
|
|
|a 1. vyd.
|
| 260 |
|
|
|a Praha
|b Academia
|c 1987
|
| 300 |
|
|
|a 171, [1] s.
|c 24 cm
|
| 650 |
0 |
7 |
|a elektrické stroje
|2 SNKPH
|9 3914
|
| 650 |
0 |
7 |
|a hluk
|2 SNKPH
|9 3699
|
| 655 |
|
7 |
|a učebnice vysokých škôl
|2 SNKPH
|9 70191
|
| 958 |
|
|
|a OND
|
| 999 |
|
|
|c 796166
|d 798096
|
| 952 |
|
|
|a SNK
|b SNK
|y PREZ
|7 0
|p 17A1012762
|o snkSC 88506
|i snkD 01702/95
|0 0
|1 0
|4 0
|d 2015-02-02
|l 0
|r 2026-02-24 01:52:34
|w 2026-02-24
|